000 00790nab a2200241 u 4500
001 17243
003 HDC
007 cr bn ---aaaaa
008 210223c20111012xx dr|noo 0 a eng d
040 _aHDC
245 0 _aMalaysia: Halfest 2011 Eyes 50,000 Visitors, RM28 Mln Sales
260 _a[No place] :
_b[publisher not identified],
_c2011
336 _atext
_2rdacontent
337 _acomputer
_2rdamedia
338 _aonline resource
_2rdacarrier
650 _ahalal industry
_9144
650 _aHalfest 2011
_916729
710 _aHalal Focus
856 _zRequest full-text at [email protected]
942 _2lcc
942 _cNEWS
942 _kNWSO 005862
999 _c14559
_d14559